| 000 | 00744nam a2200301Ia 4500 | ||
|---|---|---|---|
| 008 | 170203s9999 xx 000 0 und d | ||
| 020 | _a9780545134743 | ||
| 050 | _aFic | ||
| 050 | _bW678i | ||
| 100 | _aWilhelm. Hans. | ||
| 245 | _aI love school! / | ||
| 245 | _cby Hans Wilhelm. | ||
| 260 | _aNew York : | ||
| 260 | _bScholastic, | ||
| 260 | _c©2009. | ||
| 300 | _a1 volume (unpaged) : | ||
| 300 | _bcolor illustrations ; | ||
| 300 | _c23 cm. | ||
| 440 | _aScholastic reader., | ||
| 440 | _vLevel 1,, Beginning reader. | ||
| 500 | _a"Cartwheel books." | ||
| 650 | _aDogs -- | ||
| 650 | _aFirst day of school -- | ||
| 650 | _aSchools -- | ||
| 650 | _xFiction. | ||
| 650 | _xFiction. | ||
| 650 | _xFiction. | ||
| 999 |
_c306577 _d306577 |
||